00657cam a22001937a 4500001000500000005001700005020001800022040002300040082000800063100002100071245004600092260003400138300004700172505000800219520017000227521002000397521002000417650002600437391120251117101240.0 a9780439351874 aDLCcDLCdDLCbeng a3931 aGoldfish, Meish.10aUnder wraps /cwritten by Meish Goldfish aNew York :bScholastic,c2002 a16 pages :bcolor illustrations ; c20 cm. aR  aMost of the royal tombs were hidden for many, many years. Stories about the riches of the tombs were told, but most these treasures were safely hidden from robbers.  a740 bLexile  aR bRaz-Plus  amummies vNon-Fiction